Science Quiz

Random Science Quiz

Circulatory system Escape Room Quiz Stats

 Plays Quiz not verified by Sporcle

Support Sporcle.
Go Orange.
Score 0/14 Timer 00:30
0 Plays Today
Hint Answer % Correct
????
100%
????
95.2%
????
85.2%
????
81.2%
????
69.1%
????
56.7%
????
51.1%
Hint Answer % Correct
????
46.3%
????
43.1%
????
34.7%
????
27.5%
????
21.4%
????
15.6%
????
1.6%

You're not logged in!

Compare scores with friends on all Sporcle quizzes.
OR
Log In

From the Vault

Blitz: Gifts from the Dursleys

by Hejman

We hope all of your relatives are better gift-givers than the Dursleys.
Remove Ads.
Support Sporcle.
Get the best of Sporcle when you Go Orange. This ad-free experience offers more features, more stats, and more fun while also helping to support Sporcle. Thank you for becoming a member.

Show Comments

Extras

Created Feb 24, 2021ReportNominate
Tags:Circulatory, Level, System

Top Quizzes Today


Score Distribution

Your Account Isn't Verified!

In order to create a playlist on Sporcle, you need to verify the email address you used during registration. Go to your Sporcle Settings to finish the process.

Report this User

Report this user for behavior that violates our Community Guidelines.

Details: